Introduction to artificial intelligence (Record no. 166850)
[ view plain ]
| 000 -LEADER | |
|---|---|
| fixed length control field | 00408nam a2200145Ia 4500 |
| 008 - FIXED-LENGTH DATA ELEMENTS--GENERAL INFORMATION | |
| fixed length control field | 231217s9999 xx 000 0 und d |
| 041 ## - LANGUAGE CODE | |
| Language code of text/sound track or separate title | English |
| 082 ## - DEWEY DECIMAL CLASSIFICATION NUMBER | |
| Classification number | 001.535 CHA;2 |
| 100 ## - MAIN ENTRY--PERSONAL NAME | |
| Personal name | Charniak, Eugene McDermott, Drew |
| 245 #0 - TITLE STATEMENT | |
| Title | Introduction to artificial intelligence |
| 260 ## - PUBLICATION, DISTRIBUTION, ETC. | |
| Date of publication, distribution, etc. | 1985 |
| Name of publisher, distributor, etc. | Massachusetts : Addison-Wesley, |
| 300 ## - PHYSICAL DESCRIPTION | |
| Extent | xvii+701 |
| 650 ## - SUBJECT ADDED ENTRY--TOPICAL TERM | |
| Topical term or geographic name entry element | Artificial Intelligence |
| 942 ## - ADDED ENTRY ELEMENTS (KOHA) | |
| Koha item type | Books |
| Date last seen | Total checkouts | Full call number | Accession number | Cost, total (INR) price | Price effective from | Category | Lost status | Damaged status | Department | Withdrawn status | Home library | Current library | Entry date | Vendor | Cost, normal purchase price | Grants | Billnumber | Billdate | Currency symbol | Conversion rate | Discount | Old discount | Date due | Date last checked out | Public note |
|---|---|---|---|---|---|---|---|---|---|---|---|---|---|---|---|---|---|---|---|---|---|---|---|---|---|
| 26/01/2024 | 001.535 CHA;2 | 14847 | 232.06 | 26/01/2024 | Books | Central Library | Central Library | Central Library | 01/03/2000 | Sai Books | 6.10 | MCA | 907 | 06/08/2002 | RS | 44.8 | 0.92 | 15 | |||||||
| 26/01/2024 | 001.535 CHA;3 | 14848 | 273.28 | 26/01/2024 | Books | Central Library | Central Library | Central Library | 01/03/2000 | Sai Books | 6.10 | MCA | 907 | 06/08/2002 | RS | 44.8 | |||||||||
| 01/04/2024 | 1 | 001.535 CHA;5 | 14850 | 273.40 | 26/01/2024 | Books | Central Library | Central Library | Central Library | 01/03/2000 | Sai Books | 273.40 | MCA | 907 | 06/08/2002 | RS | 1 | 30/09/2003 | 01/04/2024 | Issued to 1549/MCA/Nagaprasad C S/1997 | |||||
| 26/01/2024 | 001.535 CHA;6 | 14851 | 273.60 | 26/01/2024 | Books | Central Library | Central Library | Central Library | 01/03/2000 | Sai Books | 273.60 | MCA | 907 | 05/12/2002 | RS | 1 | |||||||||
| 26/01/2024 | 001.535 CHA;7 | 14852 | 232.17 | 26/01/2024 | Books | Central Library | Central Library | Central Library | 01/03/2000 | Sai Books | 6.10 | MCA | 907 | 05/12/2002 | USD | 44.82 | 0.92 | 15 |
